000 00676nas a2200241 4500
001 BR8103486
003 BR-BrBNA
005 20231205084757.0
007 ta
008 230509b bl.|||p| |||| 00| 00por d
040 _aBR-BrBNA
_bpor
_cBiblioteca Nacional de Agricultura
041 _a(Pt)
072 _aL00
100 1 _aMatos, L.L. de
245 1 _aCriacao economica [Gado leiteiro; Producao animal]
650 _aProducao animal
650 _aGado leiteiro
650 _aCriacao
650 _aManejo
773 0 _tGranja (Brazil)
_xISSN 0367-505X
_g(Dec 1981), v. 37(407) p. 14-15
_wBR8103486
909 _a202311
_bLúcia
_c55
_dLúcia Elande
942 _2AGRIS
_n0
_cANA
999 _c107215
_d107215